[Event "Druzynowe Mistrzostwa Polski Juniorow - I Liga 2018"]
[Site "Kudowa-Zdroj"]
[Date "1899-12-30"]
[Round "6.23"]
[White "Wawrzyniak, Weronika"]
[Black "Debowska, Michalina"]
[Result "1-0"]
[WhiteTitle "I"]
[BlackTitle "II+"]
[WhiteElo "1455"]
[BlackElo "1492"]

1. e4 c5 2. Nf3 Nc6 3. d4 cxd4 4. Nxd4 g6 5. Be3 Bg7 6. Nc3 d6 7. Bc4 Nf6 8. O-O
O-O 9. h3 a6 10. a4 e6 11. Qd2 Qc7 12. Ba2 Bd7 13. f4 Rad8 14. f5 Nxd4 15. Bxd4
Kh8 16. Qg5 e5 17. Be3 Bc6 18. Qh4 Rc8 19. Bg5 Qe7 20. Bd5 Rb8 21. Rf2 Qd8 22.
Raf1 h6 23. fxg6 fxg6 24. Bxf6 Rxf6 25. Rxf6 1-0

[Event "Druzynowe Mistrzostwa Polski Juniorow - I Liga 2018"]
[Site "Kudowa-Zdroj"]
[Date "1899-12-30"]
[Round "6.24"]
[White "Slusarczyk, Anna"]
[Black "Barwinska, Ewa"]
[Result "0-1"]
[WhiteTitle "II+"]
[BlackTitle "I"]
[WhiteElo "1078"]
[BlackElo "1457"]

1. e4 c5 2. Nf3 d6 3. d4 cxd4 4. Nxd4 Nf6 5. Nc3 a6 6. Bc4 e6 7. Bb3 Nbd7 8. Bg5
Nc5 9. Qf3 Nxb3 10. Nxb3 Be7 11. O-O-O Qc7 12. Rhe1 b5 13. Be3 Bb7 14. Qg3 b4
15. Na4 Bxe4 16. Rd2 Bg6 17. Kb1 Ne4 18. Qf3 Nxd2+ 19. Bxd2 Rc8 20. Ka1 O-O 21.
Rc1 d5 22. c3 Qc6 23. Nac5 bxc3 24. Qxc3 Qb5 25. Qd4 Bf6 26. Qe3 Rfe8 27. g4 e5
28. g5 Bd8 29. Qh3 Bb6 30. Nd3 Rxc1+ 31. Nbxc1 Bd4 32. f4 exf4 33. Qf3 Rb8 34.
Bc3 Bxc3 35. Nb4 Qxb4 36. Qxc3 Qxc3 37. bxc3 Rb1# 0-1

[Event "Druzynowe Mistrzostwa Polski Juniorow - I Liga 2018"]
[Site "Kudowa-Zdroj"]
[Date "1899-12-30"]
[Round "6.25"]
[White "Bilczewski, Kacper"]
[Black "Teclaf, Pawel"]
[Result "0-1"]
[WhiteTitle "k+"]
[BlackTitle "CM"]
[WhiteElo "2093"]
[BlackElo "2399"]

1. e4 c6 2. d4 d5 3. Nc3 dxe4 4. Nxe4 Bf5 5. Ng3 Bg6 6. Nh3 e6 7. Nf4 Bd6 8. c3
Nf6 9. Qf3 Nd5 10. Nxg6 hxg6 11. Ne4 Be7 12. h3 Nd7 13. Qg3 N7f6 14. Bd3 Nxe4
15. Bxe4 Bd6 16. Qf3 Bc7 17. Bd2 Qf6 18. O-O-O O-O-O 19. g3 Bb6 20. Qe2 Qe7 21.
h4 c5 22. Qc4 Kb8 23. Rhe1 Qc7 24. Qb3 Ka8 25. c4 cxd4 26. Kb1 Nf6 27. Bf4 Qc8
28. Bg2 Nd7 29. Qb5 Rh5 30. Bg5 f6 31. g4 Rhh8 32. Bd2 Qc5 33. Qa6 Qc7 34. b4
Nb8 35. Qb5 a6 36. Qa4 Qxc4 37. Qa3 d3 38. Rc1 Qxg4 39. Be4 f5 40. Bh1 Rxh4 41.
Rxe6 Rxh1 42. Rxh1 Bxf2 43. Rc1 f4 44. Re7 Be3 45. Qa5 Rc8 46. Qd5 Nc6 47. b5
Nxe7 0-1

[Event "Druzynowe Mistrzostwa Polski Juniorow - I Liga 2018"]
[Site "Kudowa-Zdroj"]
[Date "1899-12-30"]
[Round "6.26"]
[White "Galuszka, Tomasz"]
[Black "Polczyk, Mikolaj"]
[Result "0-1"]
[WhiteTitle "I+"]
[BlackTitle "I+"]
[WhiteElo "1989"]
[BlackElo "2061"]

1. Nf3 g6 2. g3 Bg7 3. Bg2 c5 4. O-O Nc6 5. d3 d6 6. e4 e5 7. Nc3 Nge7 8. Nd2 O-O
9. Nc4 f5 10. f4 Rb8 11. a4 Be6 12. Nd5 Kh8 13. c3 Bg8 14. a5 Nxd5 15. exd5 Ne7
16. Ne3 exf4 17. gxf4 g5 18. c4 Ng6 19. Nc2 Nxf4 20. Bxf4 gxf4 21. d4 b6 22. b4
Qh4 23. axb6 axb6 24. Ra3 cxb4 25. Raf3 b5 26. Rxf4 Qg5 27. cxb5 Bxd5 28. Ne3
Bxg2 29. Nxg2 Rxb5 30. Qd3 Ra5 31. h4 Qg6 32. Qc4 Bh6 33. R4f3 Rg8 34. Qe2 Qg4
35. Kh1 Ra3 0-1

[Event "Druzynowe Mistrzostwa Polski Juniorow - I Liga 2018"]
[Site "Kudowa-Zdroj"]
[Date "1899-12-30"]
[Round "6.27"]
[White "Turski, Bartlomiej"]
[Black "Adamczyk, Zuzanna"]
[Result "1/2-1/2"]
[WhiteTitle "I"]
[BlackTitle "I++"]
[WhiteElo "1893"]
[BlackElo "1722"]

1. e4 c5 2. Nf3 e6 3. d4 cxd4 4. Nxd4 Nc6 5. Nc3 Qc7 6. Be3 a6 7. Be2 Nf6 8. O-O
Bb4 9. f3 O-O 10. Kh1 Bxc3 11. bxc3 Ne5 12. f4 Nc4 13. Bxc4 Qxc4 14. Qd3 b5 15.
a4 Qxd3 16. cxd3 bxa4 17. e5 Ng4 18. Bd2 f6 19. exf6 Nxf6 20. Rxa4 Rb8 21. Ra2
Nd5 22. Kg1 d6 23. c4 Ne7 24. Re1 Kf7 25. Bc3 Nf5 26. Nf3 Rb3 27. Ng5+ Kg8 28.
Rc2 Re8 29. Kf2 h6 30. Nf3 Kf7 31. g4 Ne7 32. Re3 Nc6 33. Nd2 Rb7 34. Ne4 Rd7
35. Rce2 d5 36. cxd5 Rxd5 37. f5 e5 38. h4 Red8 39. Rd2 Nd4 40. Bxd4 Rxd4 41.
Kg3 R8d5 42. Nf2 Bd7 43. Rde2 Bb5 44. Rxe5 Rxe5 45. Rxe5 Bxd3 46. g5 hxg5 47.
hxg5 Bc4 48. Re4 Rxe4 49. Nxe4 Bd3 50. Nc5 1/2-1/2

[Event "Druzynowe Mistrzostwa Polski Juniorow - I Liga 2018"]
[Site "Kudowa-Zdroj"]
[Date "1899-12-30"]
[Round "6.28"]
[White "Dziendziel, Mateusz"]
[Black "Panek, Bartosz"]
[Result "0-1"]
[WhiteTitle "II"]
[BlackTitle "I"]
[WhiteElo "1587"]
[BlackElo "1831"]

1. e4 e6 2. Nf3 d5 3. e5 c5 4. b4 cxb4 5. a3 d4 6. Bb2 Nc6 7. Bb5 bxa3 8. Nxa3
Bc5 9. Qe2 Nge7 10. Qe4 a6 11. Bxc6+ Nxc6 12. Nb5 Qb6 13. Qg4 Qxb5 14. Qxg7 Rf8
15. Ng5 Qxb2 16. O-O Qxc2 17. Nxh7 Qg6 18. Qxg6 fxg6 19. Nxf8 Kxf8 20. f4 b6 21.
Rf3 Kg7 22. h4 Ne7 23. g4 Bb7 24. Rh3 Rh8 25. d3 Nd5 26. Ra2 Nxf4 27. Rhh2 Nxd3
0-1

[Event "Druzynowe Mistrzostwa Polski Juniorow - I Liga 2018"]
[Site "Kudowa-Zdroj"]
[Date "1899-12-30"]
[Round "6.29"]
[White "Stebel, Agata"]
[Black "Buchta, Agnieszka"]
[Result "1-0"]
[WhiteTitle "k"]
[BlackTitle "I++"]
[WhiteElo "1859"]
[BlackElo "1810"]

1. e4 e5 2. Nf3 Nc6 3. Bc4 Nf6 4. d3 Be7 5. c3 O-O 6. O-O d5 7. exd5 Nxd5 8. Re1
Bg4 9. Nbd2 Nb6 10. Bb5 f6 11. Nc4 Nd5 12. Ne3 Nxe3 13. Bxe3 Kh8 14. Qe2 Qd7 15.
h3 Be6 16. d4 e4 17. Bf4 f5 18. Ne5 Qe8 19. Rad1 a6 20. Nxc6 axb5 21. Nxe7 Qxe7
22. d5 Bf7 23. d6 Qh4 24. Bg3 Qg5 25. Qxb5 cxd6 26. Bxd6 Rfe8 27. g3 Qh5 28. h4
Rxa2 29. Bf4 Qf3 30. Rd7 Qh5 31. Qxb7 Bc4 32. Rxg7 Raa8 33. Re7 Rxe7 34. Qxe7
Qg6 35. Qc7 Bf7 36. Rd1 Kg7 37. Be5+ Kh6 38. c4 Qg4 39. Bf4+ Kg7 40. Be5+ Kh6
41. Rc1 Bg6 42. Bf4+ Kh5 43. Qg7 Qf3 44. Qf6 Kg4 45. h5 Qd3 46. hxg6 hxg6 47.
Qxg6+ 1-0

[Event "Druzynowe Mistrzostwa Polski Juniorow - I Liga 2018"]
[Site "Kudowa-Zdroj"]
[Date "1899-12-30"]
[Round "6.30"]
[White "Zniszczol, Wiktoria"]
[Black "Bugaj, Hanna"]
[Result "1/2-1/2"]
[WhiteTitle "I+"]
[BlackTitle "I"]
[WhiteElo "1568"]
[BlackElo "1356"]

1. e4 c5 2. Nc3 e6 3. f4 d5 4. Bb5+ Bd7 5. Bxd7+ Qxd7 6. Qe2 d4 7. Nd1 Nc6 8. d3
Nf6 9. Nf3 Be7 10. Nf2 O-O 11. O-O b5 12. e5 Nd5 13. Ne4 Rfc8 14. c4 bxc4 15.
dxc4 Nb6 16. Rd1 Nb4 17. b3 a5 18. a3 Nc6 19. Rd3 a4 20. Bd2 Rd8 21. Rc1 Na5 22.
Bxa5 Rxa5 23. Qd2 Ra7 24. b4 Qc6 25. bxc5 Bxc5 26. Nxc5 Qxc5 27. Qb4 Rc7 28. Qxc5
Rxc5 29. Rxd4 Rxd4 30. Nxd4 Rxc4 31. Rxc4 Nxc4 32. Nc2 f6 33. exf6 gxf6 34. Kf2
Kf7 35. Ke2 e5 36. fxe5 fxe5 37. Kd3 Nb6 38. Ne3 Ke6 39. g3 Kf6 40. Ke4 Ke6 41.
g4 Nd7 42. Kd3 Kd6 43. Kd4 Kd5+ 1/2-1/2

[Event "Druzynowe Mistrzostwa Polski Juniorow - I Liga 2018"]
[Site "Kudowa-Zdroj"]
[Date "1899-12-30"]
[Round "7.1"]
[White "Teclaf, Pawel"]
[Black "Grela, Kacper"]
[Result "1/2-1/2"]
[WhiteTitle "CM"]
[BlackTitle "FM"]
[WhiteElo "2399"]
[BlackElo "2320"]

1. b3 b6 2. Bb2 Bb7 3. Nf3 Nf6 4. g3 Bxf3 5. exf3 e6 6. f4 d5 7. Bg2 Be7 8. O-O
O-O 9. d4 Nbd7 10. c4 Rc8 11. Nc3 c6 12. f5 exf5 13. cxd5 cxd5 14. Nxd5 Nxd5 15.
Bxd5 Nf6 16. Bg2 Ne4 17. Qd3 Nd6 18. Rac1 Bf6 19. Ba3 Rxc1 20. Rxc1 Re8 21. d5
Qd7 22. Bxd6 Qxd6 23. Qxf5 g6 24. Qd3 Rd8 25. Bf3 Qe5 26. Kg2 Be7 27. Rc2 a5 28.
Qb5 Bc5 29. Re2 Qd4 30. h4 h5 31. Rc2 Kg7 32. Qe2 Rd7 33. Rd2 Qf6 34. Qd1 1/2-1/2

[Event "Druzynowe Mistrzostwa Polski Juniorow - I Liga 2018"]
[Site "Kudowa-Zdroj"]
[Date "1899-12-30"]
[Round "7.2"]
[White "Karykowska, Anna"]
[Black "Galuszka, Tomasz"]
[Result "0-1"]
[WhiteTitle "k"]
[BlackTitle "I+"]
[WhiteElo "1869"]
[BlackElo "1989"]

1. e4 c6 2. d4 d5 3. e5 Bf5 4. h4 h5 5. Bd3 Bxd3 6. Qxd3 e6 7. Bg5 Qb6 8. Nd2 Ne7
9. Ne2 c5 10. c4 Nbc6 11. O-O cxd4 12. Bxe7 Bxe7 13. cxd5 Nxe5 14. Qe4 Ng6 15.
dxe6 Qxe6 16. Qxb7 O-O 17. Nxd4 Qf6 18. N2f3 Bc5 19. Nb3 Bb6 20. Qd5 Nxh4 21.
Qxh5 Nxf3+ 22. Qxf3 Qxb2 23. Rfb1 Qa3 24. Re1 Rae8 25. Re2 Re6 26. Rae1 Rf6 27.
Qd5 Qb4 28. Nd2 Rd6 29. Qb3 Qg4 30. Qc4 Qh5 31. Nf3 Rh6 32. Kf1 Rf6 33. Qh4 Qxh4
34. Nxh4 g5 35. Nf3 g4 36. Ne5 Rh6 37. Re4 f5 38. Rc4 Rh1+ 39. Ke2 Rxe1+ 40. Kxe1
Re8 0-1

[Event "Druzynowe Mistrzostwa Polski Juniorow - I Liga 2018"]
[Site "Kudowa-Zdroj"]
[Date "1899-12-30"]
[Round "7.3"]
[White "Adamczyk, Zuzanna"]
[Black "Kejna, Piotr"]
[Result "1-0"]
[WhiteTitle "I++"]
[BlackTitle "CM"]
[WhiteElo "1722"]
[BlackElo "1505"]

1. e4 c5 2. Nc3 e6 3. f4 d5 4. exd5 exd5 5. Bb5+ Nc6 6. Qe2+ Be7 7. Nf3 Nf6 8.
O-O O-O 9. Bxc6 bxc6 10. Ne5 Qc7 11. Re1 Bd6 12. b3 Bf5 13. Bb2 Rfe8 14. Na4 c4
15. Rac1 Rac8 16. d3 cxd3 17. cxd3 Qb7 18. Qf3 h5 19. h3 Qb4 20. Bc3 Qb5 21. g4
hxg4 22. hxg4 Bh7 23. f5 d4 24. Nc4 Bc5 25. Nxc5 Qxc5 26. Bb2 Qb4 27. Kf2 Nd5
28. Bxd4 Rxe1 29. Rxe1 Qb8 30. Be5 Qb4 31. Rh1 f6 32. Qh3 Kf7 33. Qxh7 Ke8 34.
Qxg7 Ne7 35. Bd6 1-0

[Event "Druzynowe Mistrzostwa Polski Juniorow - I Liga 2018"]
[Site "Kudowa-Zdroj"]
[Date "1899-12-30"]
[Round "7.4"]
[White "Eigner, Jerzy"]
[Black "Dziendziel, Mateusz"]
[Result "0-1"]
[WhiteTitle "II+"]
[BlackTitle "II"]
[WhiteElo "1352"]
[BlackElo "1587"]

1. e4 c5 2. Nf3 Nc6 3. Nc3 g6 4. d4 cxd4 5. Nxd4 Bg7 6. Be3 Nf6 7. g3 O-O 8. Bg2
d6 9. h3 Bd7 10. O-O Rc8 11. Nde2 Ne5 12. b3 Qa5 13. Nd5 Nxd5 14. exd5 f5 15.
f4 Nf7 16. Bd4 b5 17. Re1 Rfe8 18. Bxg7 Kxg7 19. Qd4+ Kg8 20. c4 bxc4 21. bxc4
Nd8 22. Nc3 Nb7 23. Rab1 Nc5 24. Bf1 a6 25. h4 Kf7 26. Qe3 Qc7 27. Kh2 Rb8 28.
h5 Rxb1 29. Rxb1 Rb8 30. Re1 Qd8 31. Qe2 Qf8 32. Kg1 Re8 33. Bg2 Qg7 34. hxg6+
hxg6 35. Qe3 Qf8 36. Qd4 Rb8 37. Re2 Qh8 38. Qe3 Qf6 39. Kf2 Rb4 40. Bf1 Rxc4
41. Rc2 Rxc3 42. Rxc3 Qxc3 0-1

[Event "Druzynowe Mistrzostwa Polski Juniorow - I Liga 2018"]
[Site "Kudowa-Zdroj"]
[Date "1899-12-30"]
[Round "7.5"]
[White "Buchta, Agnieszka"]
[Black "Lascar, Maria Elena"]
[Result "1-0"]
[WhiteTitle "I++"]
[BlackTitle "I+"]
[WhiteElo "1810"]
[BlackElo "1604"]

1. e4 c5 2. Nc3 e6 3. f4 Nc6 4. Nf3 d5 5. exd5 exd5 6. Bb5 Nge7 7. O-O a6 8. Be2
b5 9. d4 c4 10. Ne5 Qb6 11. Be3 f6 12. Nxc6 Qxc6 13. Bf3 Be6 14. Re1 b4 15. Ne2
Nf5 16. Bf2 O-O-O 17. a3 Kb7 18. axb4 Bxb4 19. c3 Bd6 20. b3 Ka7 21. bxc4 Qxc4
22. Ra4 Qc6 23. c4 Bd7 24. Nc3 Qc8 25. Ra1 Qxc4 26. Be2 Qxc3 27. Rxa6+ Kb7 28.
Qb1+ Bb4 29. Rc1 Qd2 30. Rc2 Qxe2 31. Rxe2 Kxa6 32. Qxb4 1-0

[Event "Druzynowe Mistrzostwa Polski Juniorow - I Liga 2018"]
[Site "Kudowa-Zdroj"]
[Date "1899-12-30"]
[Round "7.6"]
[White "Szachniewicz, Weronika"]
[Black "Zniszczol, Wiktoria"]
[Result "0-1"]
[WhiteTitle "II+"]
[BlackTitle "I+"]
[WhiteElo "1057"]
[BlackElo "1568"]

1. b4 e6 2. b5 Nf6 3. Bb2 d5 4. e3 Nbd7 5. d4 c6 6. a4 Bd6 7. Nf3 Qc7 8. Nbd2 e5
9. dxe5 Nxe5 10. Nxe5 Bxe5 11. Bxe5 Qxe5 12. Be2 O-O 13. O-O c5 14. c4 Be6 15.
Qc2 Rac8 16. a5 Rfd8 17. Nb3 Bf5 18. Qa2 Ne4 19. Rac1 Nc3 20. Qb2 Nxe2+ 21. Qxe2
dxc4 22. Rcd1 cxb3 23. b6 axb6 24. Qb5 b2 25. Qxb6 Rxd1 26. Rxd1 b1=Q 27. Rxb1
Bxb1 28. Qxb1 c4 0-1

[Event "Druzynowe Mistrzostwa Polski Juniorow - I Liga 2018"]
[Site "Kudowa-Zdroj"]
[Date "1899-12-30"]
[Round "7.19"]
[White "Woloch, Oskar"]
[Black "Janik, Igor"]
[Result "0-1"]
[WhiteTitle "k"]
[BlackTitle "IM"]
[WhiteElo "2137"]
[BlackElo "2420"]

1. d4 Nf6 2. g3 c5 3. d5 g6 4. Bg2 Bg7 5. Nc3 O-O 6. e4 d6 7. a4 e6 8. Nge2 exd5
9. exd5 Na6 10. h3 Nb4 11. Bg5 h6 12. Be3 Re8 13. O-O Bf5 14. Rc1 h5 15. Nf4 Qd7
16. Kh2 Re7 17. Qd2 Rae8 18. Nd3 Nxd3 19. cxd3 a6 20. a5 Nh7 21. Ne4 h4 22. b4
cxb4 23. Qxb4 hxg3+ 24. fxg3 Bxe4 25. dxe4 Be5 26. Bb6 Rc8 27. Rc4 Rxc4 28. Qxc4
Nf6 29. Bf3 Kg7 30. Rc1 Re8 31. Kg2 Rh8 32. g4 Qe8 33. Bf2 g5 34. Rb1 Qg8 35.
Rh1 Qd8 36. Qb4 Qc7 37. Be3 Qc2+ 38. Qd2 Qa4 39. Rc1 Nxe4 40. Qc2 Qxc2+ 41. Rxc2
Nc3 42. Bxg5 Rc8 43. Be3 Rc4 44. Bb6 Rb4 45. h4 f5 46. gxf5 Rxh4 47. Bf2 Rc4 48.
Rb2 Nb5 49. Rb3 Ra4 50. Bb6 Ra2+ 51. Kh3 Kf6 52. Be4 Ke7 53. Kg4 Ra4 54. Kf3 Nc3
55. Bd3 Rf4+ 56. Ke3 Nxd5+ 57. Kd2 Rh4 58. Bf2 Rh2 59. Rxb7+ Kf6 60. Ke1 Nf4 61.
Be4 d5 62. Rb6+ Kg5 63. Bxd5 Nxd5 64. Rxa6 Nf4 65. Bb6 Kg4 66. Ra8 Nd3+ 67. Kf1
Kf3 68. Rd8 Rd2 0-1

[Event "Druzynowe Mistrzostwa Polski Juniorow - I Liga 2018"]
[Site "Kudowa-Zdroj"]
[Date "1899-12-30"]
[Round "7.20"]
[White "Czechowski, Jakub"]
[Black "Lambrecht, Tomasz"]
[Result "1/2-1/2"]
[WhiteTitle "I"]
[BlackTitle "II"]
[WhiteElo "1880"]
[BlackElo "1544"]

1. d4 d5 2. c4 e6 3. Nc3 c5 4. cxd5 cxd4 5. Qxd4 Nc6 6. Qd1 exd5 7. e3 Nf6 8. Nf3
Bc5 9. Be2 O-O 10. O-O a6 11. a3 Ba7 12. b4 d4 13. exd4 Nxd4 14. Nxd4 Qxd4 15.
Bb2 Qh4 16. g3 Qh3 17. Nd5 Nxd5 18. Qxd5 Rb8 19. Bc4 Qf5 20. Rae1 Qxd5 21. Bxd5
Bh3 22. Bg2 Bxg2 23. Kxg2 f6 24. Rd1 Rfd8 25. Kf3 Kf7 26. Rxd8 Rxd8 27. Rc1 Bb6
28. Bc3 Rd7 29. Rc2 Rd8 30. a4 Rd7 31. Ke2 Ke6 32. f4 Bc7 33. Bd2 Bb6 34. Be3
Bxe3 35. Kxe3 f5 36. Rc4 h5 37. h4 g6 38. Rc5 Rd5 39. Rc8 Rd7 40. Rc5 Kf6 41.
Rc4 Ke6 42. a5 Rd5 43. Rc2 Rb5 44. Rb2 b6 45. axb6 a5 46. Kd4 axb4 47. Kc4 Rxb6
48. Re2+ Kf6 49. Rb2 Re6 50. Kxb4 1/2-1/2

[Event "Druzynowe Mistrzostwa Polski Juniorow - I Liga 2018"]
[Site "Kudowa-Zdroj"]
[Date "1899-12-30"]
[Round "7.21"]
[White "Gorkiewicz, Mateusz"]
[Black "Dzida, Kamil"]
[Result "1/2-1/2"]
[WhiteTitle "I"]
[BlackTitle "I++"]
[WhiteElo "1870"]
[BlackElo "1854"]

1. e4 e5 2. Nf3 Nc6 3. d4 exd4 4. Nxd4 Nf6 5. Nc3 Bb4 6. Nxc6 bxc6 7. Bd3 d5 8.
exd5 cxd5 9. O-O O-O 10. Bg5 c6 11. Qf3 Bd6 12. h3 Rb8 13. Rab1 h6 14. Bxf6 Qxf6
15. Qxf6 gxf6 16. Ne2 Re8 17. Nd4 Rb6 18. b3 Bc5 19. Nf5 Bxf5 20. Bxf5 Re5 21.
g4 Rb7 22. Kg2 Rbe7 23. Rbd1 a5 24. Kf3 Kf8 25. Kg3 Ke8 26. Kg2 Rb7 27. Bd3 a4
28. Bf5 axb3 29. axb3 Ra7 30. Ra1 Ree7 31. Rxa7 Rxa7 32. Re1+ Re7 33. Rxe7+ 1/2-1/2

[Event "Druzynowe Mistrzostwa Polski Juniorow - I Liga 2018"]
[Site "Kudowa-Zdroj"]
[Date "1899-12-30"]
[Round "7.22"]
[White "Koziorowicz, Michal"]
[Black "Musin, Pawel"]
[Result "1-0"]
[WhiteTitle "I"]
[BlackTitle "II"]
[WhiteElo "1692"]
[BlackElo "1202"]

1. e4 c6 2. d4 d5 3. Nc3 dxe4 4. Nxe4 Nf6 5. Nxf6+ exf6 6. c3 Be7 7. Bd3 Be6 8.
Nf3 Nd7 9. Bf4 Nb6 10. Qc2 g6 11. h4 Bd6 12. Bh6 Qe7 13. O-O-O O-O-O 14. Kb1 Rhg8
15. Nd2 Qc7 16. Ne4 Be7 17. g3 Bd5 18. Bf4 Qd7 19. Rhe1 Bxe4 20. Bxe4 f5 21. Bg2
Bf6 22. Qb3 Nd5 23. Bxd5 Qxd5 24. Qa4 a6 25. c4 Qd7 26. Qa5 Be7 27. Rxe7 Qxe7
28. Re1 Qd7 29. Qe5 Qd6 30. Qxd6 1-0

[Event "Druzynowe Mistrzostwa Polski Juniorow - I Liga 2018"]
[Site "Kudowa-Zdroj"]
[Date "1899-12-30"]
[Round "7.23"]
[White "Karlyk, Maria"]
[Black "Raczykowska, Paulina"]
[Result "0-1"]
[WhiteTitle "I"]
[BlackTitle "k"]
[WhiteElo "1726"]
[BlackElo "1890"]

1. e4 e5 2. Nf3 Nc6 3. Bc4 Bc5 4. c3 Nf6 5. d4 exd4 6. e5 d5 7. Bb5 Ne4 8. cxd4
Bb6 9. Nbd2 O-O 10. Bxc6 bxc6 11. Qc2 Bg4 12. Nxe4 dxe4 13. Qxe4 Bxf3 14. gxf3
Qxd4 15. Qxd4 Bxd4 16. f4 f6 17. exf6 Rxf6 18. O-O Rg6+ 19. Kh1 Re8 20. Bd2 Re2
21. Bc3 Bxc3 22. bxc3 Rg4 23. Rab1 Rxa2 24. Rb7 Rxf4 25. Rxc7 Rf6 26. Rg1 Rfxf2
27. Rcxg7+ Kf8 28. Rxh7 Rfc2 29. Rh8+ Ke7 30. Rh3 Kd6 31. Rg5 Ra1+ 32. Rg1 Rxg1+
33. Kxg1 a5 34. Rd3+ Kc5 35. h4 a4 36. h5 a3 37. h6 Rc1+ 38. Kf2 a2 39. h7 Rh1
40. Rd1 Rxh7 41. Ra1 Rh2+ 42. Ke3 Kc4 0-1

[Event "Druzynowe Mistrzostwa Polski Juniorow - I Liga 2018"]
[Site "Kudowa-Zdroj"]
[Date "1899-12-30"]
[Round "7.24"]
[White "Siekanska, Zuzanna"]
[Black "Mytnik, Kinga"]
[Result "0-1"]
[WhiteTitle "I"]
[BlackTitle "I"]
[WhiteElo "1395"]
[BlackElo "1446"]

1. d4 d6 2. c4 e5 3. d5 f5 4. Nc3 Nf6 5. e3 a5 6. Be2 g6 7. h4 h6 8. Qc2 Bd7 9.
e4 Na6 10. h5 fxe4 11. Nxe4 Nb4 12. Nxf6+ Qxf6 13. Qb3 Qf5 14. Kf1 Nc2 15. Bd3
Nxa1 16. Bxf5 Nxb3 17. Bxg6+ Ke7 18. axb3 Bg7 19. Nf3 c6 20. Be4 c5 21. Nh4 Kf6
22. f4 Rhe8 23. f5 b5 24. Rh3 a4 25. Rg3 Kf7 26. Rg6 Bf6 27. Bxh6 Rh8 28. Bg5
Bxg5 29. Rxg5 axb3 30. f6 Kxf6 31. Rg6+ Ke7 32. h6 Raf8+ 33. Ke2 Rf4 34. Rg7+
Kd8 35. Ng6 Rxe4+ 36. Kf3 Rf4+ 37. Nxf4 exf4 38. h7 Kc7 39. cxb5 c4 40. b6+ Kxb6
41. Rxd7 c3 42. Rxd6+ Kb5 43. Re6 cxb2 44. Re1 Ka4 45. d6 Rxh7 46. Ke4 Ka3 47.
Kd3 Ka2 48. Re7 b1=Q+ 49. Kd2 Rxe7 50. dxe7 Qe4 0-1

[Event "Druzynowe Mistrzostwa Polski Juniorow - I Liga 2018"]
[Site "Kudowa-Zdroj"]
[Date "1899-12-30"]
[Round "7.25"]
[White "Fus, Jakub"]
[Black "Raczynski, Krzysztof"]
[Result "1-0"]
[WhiteTitle "k"]
[BlackTitle "k+"]
[WhiteElo "2195"]
[BlackElo "2096"]

1. e4 c5 2. Nf3 d6 3. d4 cxd4 4. Qxd4 Nc6 5. Bb5 Bd7 6. Bxc6 Bxc6 7. Nc3 Nf6 8.
Bg5 e6 9. O-O-O Be7 10. Qd3 Qa5 11. Bd2 Qb6 12. Nd4 O-O 13. Bg5 Rfc8 14. f4 Qa5
15. Kb1 h6 16. h4 Kf8 17. Bxf6 Bxf6 18. g4 Qb4 19. Nce2 g6 20. c3 Qb6 21. f5 gxf5
22. gxf5 e5 23. Nxc6 Rxc6 24. Ng3 Rac8 25. Rc1 Ke7 26. Nf1 Qa6 27. Qc2 d5 28.
Ne3 d4 29. Nd5+ Ke8 30. Nb4 d3 31. Qd2 Qc4 32. Nxc6 Rxc6 33. Rce1 Rd6 34. Rh3
a5 35. b3 Qa6 36. c4 Rd4 37. Rxd3 Qd6 38. Rxd4 exd4 39. e5 Bxe5 40. Qxa5 f6 41.
Qa8+ Kf7 42. Qxb7+ Kf8 43. c5 Qd8 44. Rg1 1-0

[Event "Druzynowe Mistrzostwa Polski Juniorow - I Liga 2018"]
[Site "Kudowa-Zdroj"]
[Date "1899-12-30"]
[Round "7.26"]
[White "Butyrowski, Marcel"]
[Black "Jarzebowski, Kacper"]
[Result "1/2-1/2"]
[WhiteTitle "I+"]
[BlackTitle "I++"]
[WhiteElo "1725"]
[BlackElo "1969"]

1. d4 d6 2. c4 e5 3. dxe5 dxe5 4. Qxd8+ Kxd8 5. Nc3 Be6 6. e3 Nd7 7. Nf3 f6 8.
Bd2 c6 9. Rc1 a5 10. Na4 Kc7 11. Bd3 Nc5 12. Nxc5 Bxc5 13. Ke2 Ne7 14. Rhd1 h5
15. b3 g5 16. Bc3 Nf5 17. Nd2 Bb4 18. Ne4 Bxc3 19. Rxc3 Raf8 20. Bc2 Nh4 21. Rd6
Re8 22. c5 Nf5 23. Rd2 Rhf8 24. Nd6 Nxd6 25. Rxd6 f5 26. a3 Bd5 27. Rh6 Bxg2 28.
Rxh5 e4 29. Rxg5 Bf3+ 30. Kd2 Rh8 31. Rxf5 Rxh2 32. Rf7+ Kb8 33. Rd7 Rxf2+ 34.
Kc1 Rh8 35. Rc4 Rh1+ 36. Kb2 Bd1 37. Rdd4 Re1 38. Rc3 Bxc2 39. Rxc2 Rxc2+ 40.
Kxc2 Rxe3 41. Ra4 Re2+ 42. Kc3 e3 43. Kd3 Rb2 44. Kxe3 Rxb3+ 45. Kd4 Rb5 46. Rc4
Ka7 47. Ke5 b6 48. Kd6 Rxc5 49. Rxc5 bxc5 50. Kxc5 Kb7 51. Kd4 Kc7 52. Kc5 Kd7
53. Kb6 Kd6 54. Kxa5 Kc5 55. a4 Kd4 56. Kb6 c5 57. a5 c4 58. a6 c3 59. a7 c2 60.
a8=Q c1=Q 1/2-1/2

[Event "Druzynowe Mistrzostwa Polski Juniorow - I Liga 2018"]
[Site "Kudowa-Zdroj"]
[Date "1899-12-30"]
[Round "7.27"]
[White "Jedrusik, Adam"]
[Black "Wojdak, Jan"]
[Result "0-1"]
[WhiteTitle "I"]
[BlackTitle "I"]
[WhiteElo "1518"]
[BlackElo "1754"]

1. d4 d5 2. Nf3 Nf6 3. Bg5 Ne4 4. Bf4 c5 5. e3 Qb6 6. Qc1 Nc6 7. c3 f6 8. Nbd2
g5 9. Bg3 h5 10. h3 Nxg3 11. fxg3 Qc7 12. Kf2 e5 13. dxe5 Nxe5 14. Nxe5 fxe5 15.
Bb5+ Bd7 16. Bxd7+ Qxd7 17. Rf1 O-O-O 18. Kg1 Qe6 19. e4 Bh6 20. Qc2 g4 21. h4
Rhf8 22. exd5 Qxd5 23. Ne4 Be3+ 24. Kh2 Qc6 25. Rxf8 Rxf8 26. Qd3 Bh6 27. Rd1
Kc7 28. b4 c4 29. Qe2 Rd8 30. Rxd8 Kxd8 31. Ng5 Bxg5 32. hxg5 e4 33. g6 Qxg6 34.
Qxc4 Kd7 35. Qd4+ Kc7 36. Qc5+ Qc6 37. Qe5+ Kd8 38. Qd4+ Ke7 39. Qg7+ Ke6 40.
c4 Kf5 41. Qf7+ Ke5 42. Qf4+ Kd4 43. c5 Qd5 44. Kg1 Kc3 45. a3 Qd4+ 46. Kf1 Qd1+
47. Kf2 Qd2+ 0-1

[Event "Druzynowe Mistrzostwa Polski Juniorow - I Liga 2018"]
[Site "Kudowa-Zdroj"]
[Date "1899-12-30"]
[Round "7.28"]
[White "Lewandowski, Witold"]
[Black "Janeczko, Jakub"]
[Result "1-0"]
[WhiteTitle "II+"]
[BlackTitle "II+"]
[WhiteElo "1444"]
[BlackElo "1351"]

1. e4 c5 2. Nf3 Nc6 3. d4 cxd4 4. Nxd4 Nf6 5. Nc3 e6 6. Ndb5 Bc5 7. Bf4 O-O 8.
Bc7 Qe7 9. Bd6 Bxd6 10. Qxd6 Qd8 11. O-O-O a6 12. Nd4 Qb6 13. Nxc6 bxc6 14. Qd4
Qxd4 15. Rxd4 d5 16. exd5 cxd5 17. f4 Bd7 18. Be2 Rfc8 19. Rhd1 Ne8 20. Na4 Bxa4
21. Rxa4 a5 22. Rd3 Rc5 23. Rda3 Kf8 24. Rb3 Rac8 25. Bd3 Nd6 26. Rb6 Ne4 27.
Rb5 Nf2 28. Rxc5 Rxc5 29. Kd2 Nxd3 30. Kxd3 Ke7 31. c4 dxc4+ 32. Rxc4 Rb5 33.
Kc3 Kf6 34. a4 Rh5 35. h3 Kg6 36. b4 axb4+ 37. Kxb4 Rd5 38. a5 Rd2 39. g4 Rb2+
40. Kc5 Ra2 41. Kb5 Ra3 42. a6 Ra1 43. Ra4 Rb1+ 44. Ka5 Rb8 45. a7 Rd8 46. Kb6
1-0

[Event "Druzynowe Mistrzostwa Polski Juniorow - I Liga 2018"]
[Site "Kudowa-Zdroj"]
[Date "1899-12-30"]
[Round "7.29"]
[White "Tarka, Aleksandra"]
[Black "Szelag, Zuzanna"]
[Result "0-1"]
[WhiteTitle "I++"]
[BlackTitle "I++"]
[WhiteElo "1679"]
[BlackElo "1767"]

1. d4 Nf6 2. Nc3 d5 3. Bf4 c6 4. f3 Qb6 5. Rb1 Bf5 6. e3 Nbd7 7. g4 Be6 8. Bd3
g6 9. Nge2 Bg7 10. b4 a6 11. a4 Qd8 12. a5 b5 13. h4 h5 14. g5 Nh7 15. Rg1 Ndf8
16. Kf2 Qd7 17. Ng3 f6 18. Nxh5 gxh5 19. g6 Bf5 20. gxh7 Rxh7 21. Bxf5 Qxf5 22.
Qd3 Qxd3 23. cxd3 Ne6 24. Bh2 Kf7 25. Ne2 f5 26. Rgc1 Rc8 27. Rc2 Bf6 28. Bg3
f4 29. Nxf4 Nxf4 30. Bxf4 Bxh4+ 31. Kg2 Ke6 32. Rbc1 Kd7 33. e4 e6 34. Kh3 Be7
35. Rb1 Rf7 36. Bg3 Rxf3 37. Kg2 Rxd3 38. exd5 exd5 39. Be5 Rg8+ 40. Kh2 Rg6 41.
Rf2 Bd6 42. Rf7+ Ke6 43. Ra7 Rxd4 0-1

[Event "Druzynowe Mistrzostwa Polski Juniorow - I Liga 2018"]
[Site "Kudowa-Zdroj"]
[Date "1899-12-30"]
[Round "7.30"]
[White "Nowak, Roksana"]
[Black "Rejniak, Zuzanna"]
[Result "0-1"]
[WhiteTitle "I"]
[BlackTitle "I++"]
[WhiteElo "1372"]
[BlackElo "1559"]

1. d4 Nf6 2. c4 e5 3. dxe5 Ng4 4. Nc3 Bc5 5. e3 Nxe5 6. Nf3 Nbc6 7. a3 a5 8. Be2
O-O 9. O-O Re8 10. b3 Nxf3+ 11. Bxf3 Ne5 12. Bb2 Nxf3+ 13. Qxf3 Ra6 14. Nd5 Rg6
15. Nf4 Rh6 16. Qg4 Bf8 17. Qg3 Re4 18. Rfe1 d5 19. f3 Rxf4 20. exf4 Bc5+ 21.
Kf1 Rg6 22. Re8+ Qxe8 23. Qe1 Qxe1+ 24. Rxe1 Re6 25. cxd5 Rxe1+ 26. Kxe1 f6 27.
Ke2 b6 28. g4 Bb7 29. d6 Bxd6 30. Ke3 Bc5+ 31. Ke2 Bd5 32. b4 axb4 33. axb4 Bxb4
34. g5 Kf7 35. gxf6 gxf6 36. f5 Bc5 37. h4 Bc6 38. h5 Bd7 39. f4 Bxf5 40. Kf3
Be7 41. Kf2 Kg7 42. Kg3 Kh6 43. Kh4 Bc2 44. f5 Bxf5 45. Bc1+ Kg7 46. h6+ Kg6 47.
Bf4 c5 48. Bc7 b5 49. Bf4 c4 50. Bc1 b4 51. Kg3 b3 52. Bb2 Bb4 53. Kf2 c3 54.
Bxc3 Bxc3 0-1